<?xml version="1.0" encoding="UTF-8"?>
<marc:record xmlns:marc="http://www.loc.gov/MARC21/slim">
   <marc:leader>00000nam a2200000 a 4500</marc:leader>
   <marc:datafield ind1="1" ind2=" " tag="100">
      <marc:subfield code="a">Opel, Anna</marc:subfield>
      <marc:subfield code="4">aut</marc:subfield>
      <marc:subfield code="e">Verfasser/-in</marc:subfield>
   </marc:datafield>
   <marc:datafield ind1=" " ind2=" " tag="653">
      <marc:subfield code="a">Graphic Novel</marc:subfield>
   </marc:datafield>
   <marc:datafield ind1=" " ind2=" " tag="653">
      <marc:subfield code="a">Literaturklassiker</marc:subfield>
   </marc:datafield>
   <marc:datafield ind1="0" ind2="0" tag="245">
      <marc:subfield code="a">Stolz und Vorurteil – die Graphic Novel nach Jane Austen</marc:subfield>
   </marc:datafield>
   <marc:datafield ind1="0" ind2="0" tag="245">
      <marc:subfield code="c">Opel, Anna</marc:subfield>
   </marc:datafield>
   <marc:datafield ind1=" " ind2="1" tag="264">
      <marc:subfield code="a">München</marc:subfield>
      <marc:subfield code="b">Knesebeck</marc:subfield>
      <marc:subfield code="c">2026</marc:subfield>
   </marc:datafield>
   <marc:datafield ind1="1" ind2=" " tag="490">
      <marc:subfield code="a">Graphic Novel</marc:subfield>
   </marc:datafield>
   <marc:datafield ind1="1" ind2=" " tag="520">
      <marc:subfield code="a">Um keinen Preis will Elizabeth Bennet einen Mann wie Mr Darcy. Zu überheblich, zu kühl, zu reich. Und doch: Etwas flackert, wenn sie einander begegnen. Ihre Schlagfertigkeit, sein Edelmut … passt das etwa doch zusammen? Hat die Liebe überhaupt eine Chance, wo Vorurteile und verletzter Stolz den Blick trüben? Elias Linnekuhl und Anna Opel führen mit dieser Graphic Novel in die Welt der Bälle und Intrigen, der gesellschaftlichen Zwänge und der mühsam verborgenen Gefühle. Die wohl beliebteste Enemies-to-Lovers-Romance der Weltliteratur wird aufregend neu erzählt. Ein Muss für Jane-Austen-Fans und alle, die dabei sein wollen, wenn Liebe sich ihren Weg bahnt.</marc:subfield>
   </marc:datafield>
   <marc:datafield ind1=" " ind2=" " tag="020">
      <marc:subfield code="a">9783989620650</marc:subfield>
      <marc:subfield code="9">9783989620650</marc:subfield>
   </marc:datafield>
   <marc:datafield ind1=" " ind2=" " tag="020">
      <marc:subfield code="a">3989620657</marc:subfield>
      <marc:subfield code="9">3989620657</marc:subfield>
   </marc:datafield>
   <marc:datafield ind1=" " ind2=" " tag="041">
      <marc:subfield code="a">ger</marc:subfield>
   </marc:datafield>
   <marc:datafield ind1=" " ind2=" " tag="338">
      <marc:subfield code="a">Band</marc:subfield>
   </marc:datafield>
   <marc:datafield ind1=" " ind2=" " tag="300">
      <marc:subfield code="a">144 Seiten</marc:subfield>
   </marc:datafield>
</marc:record>
